[Event "Ambelokipi op 73rd"]
[Site "Athens"]
[Date "2006.11.22"]
[Round "6"]
[White "Megaloudis, Petros"]
[Black "Paizis, Konstantinos"]
[Result "1-0"]
[WhiteElo "1893"]
[BlackElo "1462"]
[PlyCount "63"]
[EventDate "2006.11.04"]
[EventType "swiss"]
[EventRounds "7"]
[EventCountry "GRE"]
[SourceTitle "EXT 2008"]
[Source "ChessBase"]
[SourceDate "2007.11.25"]
[SourceVersion "1"]
[SourceVersionDate "2007.11.25"]
[SourceQuality "1"]

1. Nf3 d5 2. d4 e6 3. e3 f5 4. Ne5 Nf6 5. f4 Bd6 6. Nd2 0-0 7. Be2 Ne4 8. Nxe4 fxe4 9. 0-0 Nd7 10. c4 c6 11. c5 Bc7 12. b4 Qh4 13. g3 Qh6 14. a4 Nxe5 15. fxe5 Bd7 16. a5 Rxf1+ 17. Qxf1 Rf8 18. Qg2 a6 19. Bd2 Bd8 20. h4 Be8 21. Rf1 Rxf1+ 22. Kxf1 Bh5 23. g4 Be8 24. h5 Bg5 25. Qh3 g6 26. Kg2 gxh5 27. gxh5 Bf7 28. Bg4 Kf8 29. Kf2 Ke7 30. Ke2 Kd7 31. Be1 Qg7 32. Qg3 1-0

[Event "Ambelokipi op 73rd"]
[Site "Athens"]
[Date "2006.11.18"]
[Round "5"]
[White "Paizis, Konstantinos"]
[Black "Sfougatakis, Nikolaos"]
[Result "1/2-1/2"]
[WhiteElo "1462"]
[BlackElo "2021"]
[PlyCount "94"]
[EventDate "2006.11.04"]
[EventType "swiss"]
[EventRounds "7"]
[EventCountry "GRE"]
[SourceTitle "EXT 2008"]
[Source "ChessBase"]
[SourceDate "2007.11.25"]
[SourceVersion "1"]
[SourceVersionDate "2007.11.25"]
[SourceQuality "1"]

1. d4 b5 2. e4 Bb7 3. Bd3 e6 4. f4 Nf6 5. Qe2 c5 6. e5 Nd5 7. Bxb5 cxd4 8. Nf3 Bc5 9. Nbd2 Nxf4 10. Qf2 Qb6 11. Bd3 Nxd3+ 12. cxd3 Nc6 13. a3 0-0 14. 0-0 Qc7 15. b4 Be7 16. Nc4 f6 17. Qg3 Nxe5 18. Nxd4 Qd8 19. Nxe5 fxe5 20. Rxf8+ Qxf8 21. Qxe5 Bf6 22. Qe3 Qd6 23. Bb2 Qd5 24. Qf2 Rf8 25. Nf3 Bxb2 26. Qxb2 Qxd3 27. Rf1 d6 28. Qc1 e5 29. Qc7 Qd5 30. Qc1 e4 31. Nh4 Qd4+ 32. Kh1 Rxf1+ 33. Qxf1 Bc8 34. h3 e3 35. Nf5 Bxf5 36. Qxf5 h6 37. Qc8+ Kh7 38. Qf5+ g6 39. Qf7+ Qg7 40. Qe6 h5 41. Qxe3 Qc7 42. Qd3 Qc6 43. Qe3 a6 44. Qe7+ Kh6 45. Qe3+ Kh7 46. Qe7+ Kh6 47. Qe3+ Kh7 1/2-1/2

[Event "Ambelokipi op 73rd"]
[Site "Athens"]
[Date "2006.11.04"]
[Round "1"]
[White "Paizis, Konstantinos"]
[Black "Kagas, Konstantinos"]
[Result "0-1"]
[WhiteElo "1462"]
[BlackElo "2166"]
[PlyCount "93"]
[EventDate "2006.11.04"]
[EventType "swiss"]
[EventRounds "7"]
[EventCountry "GRE"]
[SourceTitle "EXT 2008"]
[Source "ChessBase"]
[SourceDate "2007.11.25"]
[SourceVersion "1"]
[SourceVersionDate "2007.11.25"]
[SourceQuality "1"]

1. d4 d5 2. e3 Nf6 3. Bd3 c5 4. c3 Nc6 5. f4 Qc7 6. Nf3 Bg4 7. 0-0 e6 8. Qe1 Bxf3 9. Rxf3 Bd6 10. Qf1 a6 11. Nd2 0-0-0 12. b3 Kb8 13. dxc5 Bxc5 14. b4 Bb6 15. b5 axb5 16. Bxb5 Na5 17. c4 Ng4 18. Qe2 e5 19. Kh1 exf4 20. exf4 Qc5 21. Ba3 Qd4 22. Raf1 dxc4 23. Nxc4 Nxc4 24. Qxc4 Qxc4 25. Bxc4 Ne3 26. Bxf7 Nxf1 27. Rxf1 Rd3 28. Bc1 Rf8 29. Be6 Rfd8 30. Bb3 g6 31. h3 Be3 32. Bxe3 Rxe3 33. f5 gxf5 34. Rxf5 Rd7 35. Rh5 Rg3 36. Bc2 Rd2 37. Be4 Re3 38. Bxh7 Rxa2 39. Rg5 Ra4 40. Kg1 Kc7 41. Kf2 Rc3 42. Bf5 b5 43. Rg4 Rxg4 44. Bxg4 Kd6 45. Bf3 Ke5 46. Kg3 b4 47. Kh4 0-1